Les théories économiques du développement

Na minha lista:
Detalhes bibliográficos
Autor principal: Assidon, Elsa (Author)
Formato: Livro
Idioma:francês
Publicado em: París La Decouverte 2000
Colecção:Repères, 108
Assuntos:
Tags: Adicionar Tag
Sem tags, seja o primeiro a adicionar uma tag!

MARC

LEADER 00000nam a2200000 a 4500
001 UCM0036
003 CL-VaPUC
008 020108e20000000FR |||||||||||||||||fre|d
082 0 4 |a 338.9  |b ASS  |2 21 
100 0 |a Assidon, Elsa  |e author  |9 466649 
245 1 4 |a Les théories économiques du développement 
300 |a 123 p 
942 |c BK 
945 |d 20020108 00:00:00  |a vberengu 
260 |a París  |b La Decouverte  |c 2000 
650 0 |a Desarrollo económico y social   |9 256320 
650 0 |a Crecimiento económico   |9 314037 
650 0 |a Industrialización  |9 263687 
650 7 |a FINANCIAMIENTO  |2 CL-VaPUC  |9 358995 
583 |a last modification  |c 20020108 00:00:00  |k Rodrigo Vera 
490 0 |a Repères, 108 
999 |c 299103  |d 299101 
952 |0 0  |1 0  |4 0  |6 338_900000000000000_ASS_2000  |7 0  |8 P  |9 355253  |a BIBGIM  |b BIBGIM  |d 2019-11-21  |i 3787052  |o 338.9 ASS 2000  |p 3787052  |r 2025-01-15  |w 2019-11-21  |y BK  |k GIM